书目信息 |
| 题名: |
实战Linux Socket编程
|
|
| 作者: | 盖伊, 著 ;詹俊鹄 , 于卫 译 | |
| 分册: | ||
| 出版信息: | 西安 西安电子科技大学出版社 2002.01 |
|
| 页数: | 430页 | |
| 开本: | 26cm | |
| 丛书名: | ||
| 单 册: | ||
| 中图分类: | TP316.81 | |
| 科图分类: | ||
| 主题词: | 操作系统--程序设计 | |
| 电子资源: | ||
| ISBN: | 7-5606-1089-7 | |
| 000 | 00961nam0 2200265 450 | |
| 001 | 0137076093 | |
| 005 | 20051014091744.12 | |
| 010 | @a7-5606-1089-7@dCNY36.00 | |
| 100 | @a20050214d2002 km y0chiy0120 ea | |
| 101 | 1 | @achi@ceng |
| 102 | @aCN@b610000 | |
| 105 | @aa z 000yy | |
| 200 | 1 | @a实战Linux Socket编程@Ashi zhan Linux Socket bian cheng@fWarren W. Gay著@FWarren W.Gay zhu@g詹俊鹄, 于卫译@Gzhan jun hu,yu wei yi |
| 210 | @a西安@c西安电子科技大学出版社@d2002.01 | |
| 215 | @a430页@c图@d26cm | |
| 314 | @a责任者规范中译姓 : 盖伊 | |
| 330 | @a本书介绍了域和地址、地址转换函数、套接口的类型与协议等基本套接口概念,套接口上的标准I/O,UDP广播,传递信任状和文件描述符等内容。 | |
| 606 | 0 | @a操作系统@x程序设计 |
| 610 | 0 | @aLinux |
| 690 | @aTP316.81@v4 | |
| 701 | 1 | @a盖伊,@Agai yi,@bW. W.@g(Gay, Warren W.)@4著 |
| 702 | 0 | @a詹俊鹄@Azhan jun hu@4译 |
| 702 | 0 | @a于卫@Ayu wei@4译 |
| 801 | 0 | @aCN@bQSSK@c20051014 |
| 905 | @a10447@dTP316.81@eG017 | |
| 实战Linux Socket编程/Warren W. Gay著/詹俊鹄, 于卫译.-西安:西安电子科技大学出版社,2002.01 |
| 430页:图;26cm |
| ISBN 7-5606-1089-7:CNY36.00 |
| 本书介绍了域和地址、地址转换函数、套接口的类型与协议等基本套接口概念,套接口上的标准I/O,UDP广播,传递信任状和文件描述符等内容。 |
| ● |
| 相关链接 |
|
|
|
正题名:实战Linux Socket编程
索取号:TP316.81/G017
 
预约/预借
| 序号 | 登录号 | 条形码 | 馆藏地/架位号 | 状态 | 备注 |
| 1 | 568728 | 205687283 | 自科二线404/301自科库 52排1列1层/ [索取号:TP316.81/G017] | 在馆 | |
| 2 | 568729 | 205687292 | 自科库301/301自科库 58排1列3层/ [索取号:TP316.81/G017] | 在馆 | |
| 3 | 568730 | 205687309 | 自科库301/301自科库 58排1列3层/ [索取号:TP316.81/G017] | 在馆 |